<?xml version="1.0" encoding="UTF-8"?>
<record
    xmlns:xsi="http://www.w3.org/2001/XMLSchema-instance"
    xsi:schemaLocation="http://www.loc.gov/MARC21/slim http://www.loc.gov/standards/marcxml/schema/MARC21slim.xsd"
    xmlns="http://www.loc.gov/MARC21/slim">

  <leader>01592nam a22002657i 4500</leader>
  <datafield tag="999" ind1=" " ind2=" ">
    <subfield code="c">23116</subfield>
    <subfield code="d">23116</subfield>
  </datafield>
  <controlfield tag="003">AR-CdUCM</controlfield>
  <controlfield tag="008">241108b20242024 pe||||| |||| 00| 0 spa d</controlfield>
  <datafield tag="020" ind1=" " ind2=" ">
    <subfield code="a">978-612-47551-3-2</subfield>
  </datafield>
  <datafield tag="040" ind1=" " ind2=" ">
    <subfield code="a">MUNICIPALIDAD PROVINCIAL DEL CUSCO</subfield>
    <subfield code="c">BIBLIOTECA MUNICIPAL DEL CUSCO</subfield>
  </datafield>
  <datafield tag="082" ind1=" " ind2=" ">
    <subfield code="a">985 / C45</subfield>
    <subfield code="b">C45</subfield>
  </datafield>
  <datafield tag="110" ind1=" " ind2=" ">
    <subfield code="a">Centro Regional para la Salvaguardia del Patrimonio Cultural Inmaterial de Am&#xE9;rica Latina </subfield>
    <subfield code="9">48401</subfield>
  </datafield>
  <datafield tag="245" ind1=" " ind2=" ">
    <subfield code="a">Aymara : </subfield>
    <subfield code="b">Conocimientos , saberes, pr&#xE1;cticas y rituales agropecuarios y alimentarios /</subfield>
  </datafield>
  <datafield tag="260" ind1=" " ind2=" ">
    <subfield code="a">Lima : </subfield>
    <subfield code="b">Centro Regional para la Salvaguardia del Patrimonio Cultural Inmaterial de Am&#xE9;rica Latina</subfield>
    <subfield code="c">2024</subfield>
  </datafield>
  <datafield tag="300" ind1=" " ind2=" ">
    <subfield code="a">319 p&#xE1;ginas. : </subfield>
    <subfield code="c">21 cm </subfield>
  </datafield>
  <datafield tag="500" ind1=" " ind2=" ">
    <subfield code="z">Bibliograf&#xED;a:  p&#xE1;ginas 310 - 317 </subfield>
  </datafield>
  <datafield tag="505" ind1=" " ind2=" ">
    <subfield code="a">Salvaguardia del patrimonio cultural  inmaterial de las comunidades Aymara de Bolivia, Chile y Per&#xFA;, un proyecto integral para un patrimonio compartido -- Conocimientos, saberes, pr&#xE1;cticas y rituales agropecuarios  y alimentarios, nuestro tercer componente -- Tunka Layrani y Ch&#xB4;isiwaymama. Los conocimientos tradicionales de las variedades de cultivo de papa y quinua-Bolivia -- Conocimientos, saberes, pr&#xE1;cticas, y rituales agropecuarios y alimentarios de los aymaras del norte chileno: Patrimonio cultural de los pueblos originarios del sur andino-Chile -- Lumasanakaxasuma Qama&#xF1;ataki, se&#xF1;ales para el buen vivir </subfield>
  </datafield>
  <datafield tag="650" ind1=" " ind2=" ">
    <subfield code="a">Culturas</subfield>
    <subfield code="9">18182</subfield>
  </datafield>
  <datafield tag="650" ind1=" " ind2=" ">
    <subfield code="a">Rituales</subfield>
    <subfield code="9">6673</subfield>
  </datafield>
  <datafield tag="650" ind1=" " ind2=" ">
    <subfield code="a">Agropecuario</subfield>
    <subfield code="9">7358</subfield>
  </datafield>
  <datafield tag="650" ind1=" " ind2=" ">
    <subfield code="a">Comunidad</subfield>
    <subfield code="9">40</subfield>
  </datafield>
  <datafield tag="650" ind1=" " ind2=" ">
    <subfield code="a">Costumbres </subfield>
    <subfield code="9">230</subfield>
  </datafield>
  <datafield tag="942" ind1=" " ind2=" ">
    <subfield code="2">ddc</subfield>
    <subfield code="c">LIBROS</subfield>
  </datafield>
  <datafield tag="945" ind1=" " ind2=" ">
    <subfield code="a">pbj</subfield>
    <subfield code="d">08-11-2024</subfield>
  </datafield>
  <datafield tag="952" ind1=" " ind2=" ">
    <subfield code="0">0</subfield>
    <subfield code="2">ddc</subfield>
    <subfield code="4">0</subfield>
    <subfield code="7">0</subfield>
    <subfield code="a">SH</subfield>
    <subfield code="b">SH</subfield>
    <subfield code="c">CART</subfield>
    <subfield code="d">2024-11-08</subfield>
    <subfield code="e">Donaci&#xF3;n</subfield>
    <subfield code="g">30.00</subfield>
    <subfield code="o">985 / C45 </subfield>
    <subfield code="p">SH0000016847</subfield>
    <subfield code="r">2024-11-08</subfield>
    <subfield code="y">LIBROS</subfield>
  </datafield>
</record>
